ՀՀ Գիտությունների ազգային ակադեմիայի հիմնարար գիտական գրադարան  =   Fundamental Scientific Library of NAS RA

Шони : (Record no. 251191)

MARC details
000 -LEADER
fixed length control field 00708nam a2200205 a 4500
001 - CONTROL NUMBER
control field 000677653
003 - CONTROL NUMBER IDENTIFIER
control field AM-YeHGA
005 - DATE AND TIME OF LATEST TRANSACTION
control field 20250617142115.0
008 - FIXED-LENGTH DATA ELEMENTS--GENERAL INFORMATION
fixed length control field 090811s1964 ||| r 000 0 rus d
040 ## - CATALOGING SOURCE
Original cataloging agency AM-YeHGA
041 1# - LANGUAGE CODE
Language code of text/sound track or separate title rus
Language code of original geo
090 ## - LOCALLY ASSIGNED LC-TYPE CALL NUMBER (OCLC); LOCAL CALL NUMBER (RLIN)
-- 252788
100 1# - MAIN ENTRY--PERSONAL NAME
Personal name Чиковани, Григол
245 10 - TITLE STATEMENT
Title Шони :
Remainder of title Перевод с грузинского /
Statement of responsibility, etc. Григол Чиковани.
260 ## - PUBLICATION, DISTRIBUTION, ETC.
Place of publication, distribution, etc. Тбилиси :
Name of publisher, distributor, etc. Литература да хеловнеба,
Date of publication, distribution, etc. 1964.
300 ## - PHYSICAL DESCRIPTION
Extent 134 с. :
Other physical details портр.
440 #0 - SERIES STATEMENT/ADDED ENTRY--TITLE
Title Новые повести и рассказы
505 0# - FORMATTED CONTENTS NOTE
Formatted contents note Тагу; Синту; Шони; Мать
653 0# - INDEX TERM--UNCONTROLLED
Uncontrolled term Грузинская литература
Holdings
Withdrawn status Lost status Damaged status Not for loan Collection Home library Current library Date acquired Total checkouts Full call number Barcode Date last seen Price effective from Koha item type Public note
        General Fundamental Scientific Library Fundamental Scientific Library 29/12/2016   PI/12472 FL0122375 29/12/2016 29/12/2016 Գրքեր / Books 30 Days Loan


ՀՀ ԳԱԱ հիմնարար գիտական գրադարան
ՀՀ,Երևան 0019
Մարշալ Բաղրամյան 24/6
հեռախոս:(374-10) 52-47-50
Հետադարձ կապ

All site content, except where otherwise noted, is licensed under a
Creative Commons License